|
|
|
|
| LEADER |
00000nab a2200000 4500 |
| 001 |
vtls012073083 |
| 003 |
SK-MaSNL |
| 005 |
20260303191033.0 |
| 008 |
211012|2021 xo |||| ||a ||00 0|slo |
| 015 |
|
|
|a SNBRB2021/10
|
| 040 |
|
|
|a SPKCL
|b slo
|e rda
|
| 041 |
|
|
|a slo
|
| 044 |
|
|
|a xo
|c SK
|
| 072 |
|
7 |
|a 005
|x Manažment. Riadenie
|2 konspekt
|
| 080 |
|
|
|a 005:373/378
|2 2011
|
| 080 |
|
|
|a 373/378
|2 2011
|
| 100 |
1 |
|
|a Lukáč, Tibor,
|d 1914-1995
|4 aut
|9 233711
|
| 245 |
1 |
0 |
|a Orgány školskej samosprávy
|c Tibor Lukáč
|
| 336 |
|
|
|a text
|b txt
|2 rdacontent
|
| 337 |
|
|
|a bez média
|b n
|2 rdamedia
|
| 338 |
|
|
|a zväzok
|b nc
|2 rdacarrier
|
| 546 |
|
|
|a Slovenské resumé
|
| 650 |
0 |
7 |
|a školská samospráva
|2 snkbucl
|9 71302
|
| 650 |
0 |
7 |
|a riadenie
|2 SNKPH
|9 924
|
| 650 |
0 |
7 |
|a školy
|2 SNKPH
|9 1276
|
| 773 |
0 |
|
|t Zriaďovateľ : právny kuriér pre zriaďovateľov škôl a školských zariadení
|g Roč. 7, č. 9-10 (2021), s. 2-7
|x 2453-6814
|
| 787 |
0 |
8 |
|i Rec.:
|
| 999 |
|
|
|c 2139184
|d 2141114
|